| 000 | 00553nam a2200193 a 4500 | ||
|---|---|---|---|
| 005 | 20230202063719.0 | ||
| 008 | 991125s1973 es 000 0 spa u | ||
| 020 | _a8434574039 | ||
| 035 | _aUPN01000012221 | ||
| 049 | _aCE | ||
| 050 | 4 |
_aAC70 _bS2.4 no.45 |
|
| 245 | 0 | 0 | _aCrisis energética y recursos naturales. |
| 260 |
_aBarcelona, Esp. : _bSalvat, _c1973. |
||
| 300 |
_a140 p. : _bil. col. |
||
| 440 | 0 |
_aBiblioteca Salvat de grandes temas ; _v45 |
|
| 650 | 2 |
_aRecursos naturales _922919 |
|
| 650 | 2 |
_aFuentes de energĂa _916071 |
|
| 905 | _aLibro | ||
| 999 |
_c12221 _d12221 |
||